01582nab a22002537a 4500003000400000005001700004008004100021040000700062100003000069245010200099260007200201300001200273500003500285505061600320505008900936650001801025650002601043650004001069650004601109650001801155650001901173650001201192773012401204OSt20251210092344.0190502c xxu||||| |||| 00| 0 spa d cPJ aContreras Alderete, Lucas13aLa violencia contra la mujer y los delitos contra la libertad sexual /cLucas Contreras Alderete. aCiudad Autónoma de Buenos Aires :bThomson Reuters La Ley,c2025. ap. 9-41 aCita Online: AR/DOC/2443/2025. aSumario: I. Análisis sociológico. La cultura de la violación.— II. El bien jurídico protegido: la libertad sexual.— III. El delito de abuso sexual: abuso sexual simple, abuso sexual gravemente ultrajante y abuso sexual con acceso carnal. — IV. Modernas figuras delictivas: stealthing o retiro sigiloso del medio profiláctico, revenge porn o porno venganza y sextortion o extorsión sexual.— V. Problemas procesales en torno a los delitos contra la libertad sexual: Prescripción. Validez de las capturas de pantalla como medio de prueba. Especial referencia a las conversaciones de WhatsApp. t¿Te interesa el texto completo? Solicitalo al correo: koha@justierradelfuego.gov.ar 0aDERECHO PENAL 0aVIOLENCIA DE GÉNERO 0aDELITOS CONTRA LA INTEGRIDAD SEXUAL 0aABUSO SEXUAL CALIFICADO POR ACCESO CARNAL 0aPORNOGRAFÍA 0aPRESCRIPCIÓN 0aDELITOS0 02729dBuenos Aires : LexisNexis, 2006-tRevista de derecho penal y procesal penal. Nº 11 - Noviembre 2025z9875920622